| 000 | 00978nmm a2200361 a 4500 | ||
|---|---|---|---|
| 003 | AR-BaBNM | ||
| 005 | 20251128204720.0 | ||
| 008 | 015119s1993 ||||||||||||||000 | spa|| | ||
| 020 | _a84-7684-483-2 | ||
| 040 | _cAR-BaBNM | ||
| 245 | 1 | 0 | _aEl educador social |
| 260 |
_aMurcia _bUniversidad de Murcia _c1993 |
||
| 300 | 0 | _a435 p. | |
| 500 | 0 | _aContiene índice de las materias | |
| 504 | _aBibliografía | ||
| 600 | 1 | 4 | _aEscarbajal, Andrés |
| 600 | 1 | 4 | _aTonda Mena, Enrique |
| 600 | 1 | 4 | _aNuñez, Violeta |
| 600 | 1 | 4 | _aPalazon, Francisco |
| 600 | 1 | 4 | _aPetrus, Antonio |
| 600 | 1 | 4 | _aGarcía, Alfonso |
| 600 | 1 | 4 | _aPérez, Gloria |
| 650 | 4 | _aPEDAGOGIA | |
| 650 | 4 | _aANTROPOLOGIA DE LA EDUCACION | |
| 650 | 4 | _aPSICOLOGIA DE LA EDUCACION | |
| 650 | 4 | _aSOCIOLOGIA DE LA EDUCACION | |
| 650 | 4 | _aDOCENTES | |
| 650 | 4 | _aTRABAJADORES SOCIALES | |
| 653 | 0 | _aPEDAGOGIA SOCIAL | |
| 700 | 1 |
_aSaez Carreras, Juan _ecoordinador |
|
| 942 | _cBK | ||
| 998 | _cisola | ||
| 999 |
_c8543 _d8543 |
||